000
00332nam a2200133Ia 4500
008
231129s9999||||xx |||||||||||||| ||spa||
020
_a
84-206-1806-3
040
_b
spa
082
_a
184 / G216e
100
_a
Garcia Gual Carlos
245
0
_a
Epicuro
264
_a
Alianza
942
_2
ddc
_c
BKS
999
_c
13225
_d
13225